Atoms in molecules a quantum theory /

Saved in:
Bibliographic Details
Main Author: Bader, Richard F. W. (Author)
Format: Book
Language:English
Published: New Yourk Oxford university press 2003
Subjects:
Tags: Add Tag
No Tags, Be the first to tag this record!

MARC

LEADER 00000nam a22000003a 4500
001 0115489
003 SK-STU
005 20250523075254.0
007 ta
008 250523s ----xo-----e------000-0-----d
020 |a 0-19-855865-1 
040 |a STU  |b slo 
041 0 |a eng 
044 |a xxk 
080 |a 52/Ba 
100 1 |a Bader, Richard F. W.  |4 aut 
245 1 0 |a Atoms in molecules a quantum theory /  |c aut. Richard F. W Bader 
260 |a New Yourk  |b Oxford university press  |c 2003 
300 |a 438 s. 
650 0 7 |a molekuly 
650 0 7 |a kvantová mechanika 
996 |b 284M089568  |c M* 14859-1  |l MMKN  |s A  |a 24  |w 0115489_0001